000 00469nam a2200181Ia 4500
003 0100
008 130303s9999 xx 000 0 und d
040 _cARRUPELIB
050 _aBX6154.R361985
100 _aRice, Richard
245 4 _aThe Reign of God
245 _bAn Introduction to Christian Theology from a Seventh-Day Adventist Perspective
260 _aBerrien Springs, Michigan
260 _bAndrews UP
260 _C1985
300 _a404p
942 0 0 _01
999 _c23598
_d23598